00585nam a2200157Ia 4500008004000000082001900040100002800059245002700087260003900114300000800153650004800161690002400209906001100233999001900244952016400263210210b2003 xxu||||| |||| 00| 0 eng d a321.80954 SHAC aSHALINI (M) and others. aConstitution of India. aMangalorebSt. Agnes Collegec2003 a300 aConstitution India Human Rights Environment aIndian Constitution a058729 c105888d105888 001040708Political ScienceaALbALcPolitical Scienced2021-02-17eSt. Agnes Collegeg120.00l0o321.80954 SHACp058729r2021-02-17 00:00:00w2021-02-17yBK